000 00306nam a2200133Ia 4500
005 20251222155041.0
008 251222s9999||||xx |||||||||||||| ||spa||
082 _aPED.50.1-2/Ej.2
100 _aOPS.OMS.
245 0 _aAsthma Bibliography 2 Vol.
250 _a1ra. ed.
264 _bOPS/OMS
942 _cLIB
999 _c36934
_d36934